Cách mạng tháng 10 - Ngọn đuốc soi đường của thời đại
.
Αποθηκεύτηκε σε:
| Μορφή: | Βιβλίο |
|---|---|
| Γλώσσα: | Vietnamese |
| Έκδοση: |
H.
Nxb Thông tin lý luận
1987
|
| Θέματα: | |
| Ετικέτες: |
Προσθήκη ετικέτας
Δεν υπάρχουν, Καταχωρήστε ετικέτα πρώτοι!
|
| Thư viện lưu trữ: | Mạng thư viện Đại học Đà Nẵng |
|---|
| LEADER | 01025nam a2200325 4500 | ||
|---|---|---|---|
| 001 | 000006636 | ||
| 003 | 2794 | ||
| 005 | 20120525140530.0 | ||
| 008 | 110915s1987 viesd | ||
| 020 | |c 12500 | ||
| 041 | 0 | |a vie | |
| 082 | |a 947.084 |b Cac | ||
| 245 | 0 | |a Cách mạng tháng 10 - Ngọn đuốc soi đường của thời đại |c Viện Mác-Lê nin | |
| 260 | |a H. |b Nxb Thông tin lý luận |c 1987 | ||
| 300 | |a 262 tr |c 19 cm | ||
| 520 | |a . | ||
| 653 | |a Cách mang tháng 10 | ||
| 653 | |a Cách mạng Nga | ||
| 653 | |a Nga | ||
| 653 | |a Liên xô | ||
| OWN | |a LSP | ||
| AVA | |a UDN50 |b LSP |d 947.084 Cac |e available |t Error 5001 Not defined in file expand_doc_bib_avail. |f 3 |g 2 |h N |i 0 |k 1 | ||
| 999 | |a From the UDN01 | ||
| AVA | |a UDN50 |b LSP |d 947.084 Cac |e available |t Error 5001 Not defined in file expand_doc_bib_avail. |f 3 |g 2 |h N |i 0 |k 1 | ||
| TYP | |a Monograph | ||
| TYP | |a Printed language | ||
| 980 | |a Mạng thư viện Đại học Đà Nẵng | ||